书目信息 |
| 题名: |
游戏融合与自闭症
|
|
| 作者: | 沃尔夫伯格 著 ;曹纯琼 译 | |
| 分册: | ||
| 出版信息: | 台北 华腾文化股份有限公司 2010 |
|
| 页数: | 1册 | |
| 开本: | 23cm | |
| 丛书名: | ||
| 单 册: | ||
| 中图分类: | G613.7 , G76 | |
| 科图分类: | ||
| 主题词: | 幼儿教育--游戏课--教学法 , 缄默症--儿童教育--特殊教育 | |
| 电子资源: | ||
| ISBN: | 978-986-6654-50-3 | |
| 000 | 01214nam0 2200289 450 | |
| 001 | 1570975590 | |
| 005 | 20150131194426.26 | |
| 010 | @a978-986-6654-50-3@dTWD400.00 | |
| 100 | @a20130219d2010 em y0chiy50 ea | |
| 101 | 1 | @achi@ceng |
| 102 | @aCN@b710000 | |
| 105 | @aak a 001yy | |
| 200 | 1 | @a游戏融合与自闭症@9you xi rong he yu zi bi zheng@e引导儿童社会化与想像力的艺术@dPeer play and the Austism spectrum@ethe art of guiding children's socialization and imagination@f原文作者Pamela J. Wolfberg@g译者曹纯琼 ... [等]@zeng |
| 210 | @a台北@c华腾文化股份有限公司@d2010 | |
| 215 | @a1册@c图@d23cm | |
| 314 | @a责任者 (Wolfberg) 规范汉译姓: 沃尔夫伯格 | |
| 500 | 10 | @aPeer play and the Austism spectrum : the art of guiding children's socialization and imagination@mChinese |
| 517 | 1 | @a引导儿童社会化与想像力的艺术@9yin dao er tong she hui hua yu xiang xiang li de yi shu |
| 518 | 1 | @a游戏融合与自闭症 |
| 606 | 0 | @a幼儿教育@x游戏课@x教学法 |
| 606 | 0 | @a缄默症@x儿童教育@x特殊教育 |
| 690 | @aG613.7@v5 | |
| 690 | @aG76@v5 | |
| 701 | 1 | @a沃尔夫伯格@9wo er fu bo ge@g(Wolfberg, Pamela J.)@4著 |
| 702 | 0 | @a曹纯琼@9cao chun qiong@4译 |
| 801 | 0 | @aCN@bTSSF@c20150131 |
| 905 | @aZUCC@dG613.7@eJY15 | |
| 游戏融合与自闭症:引导儿童社会化与想像力的艺术=Peer play and the Austism spectrum:the art of guiding children's socialization and imagination/原文作者Pamela J. Wolfberg/译者曹纯琼 ... [等].-台北:华腾文化股份有限公司,2010 |
| 1册:图;23cm |
| ISBN 978-986-6654-50-3:TWD400.00 |
| ● |
| 相关链接 |
|
|
|
|
正题名:游戏融合与自闭症
索取号:G613.7/JY15
 
预约/预借
| 序号 | 登录号 | 条形码 | 馆藏地/架位号 | 状态 | 备注 |
| 1 | 7864104 | 278641043 | 学院路分馆/ [索取号:G613.7/JY15] | 在馆 |